00487cam a22001937a 4500003000500000005001700005008004100022010001000063011001000073020001600083035001000099040000900109082001700118100002500135245006400160260003100224300002000255650001800275CHAP20220329142234.0000316d1997 enka r 00010 eng d a80392 a81364 a96818398466 a91833 cCHAP04a574.192bB5700aBloomfield, Molly M.10aQuímica de los organismos vivosc/por Molly M. Bloomfield aMéxico :bLimusa,c1997. a767 p. :bilus.14aBioquímica.